Músorgski

I tiakina i:
Ngā taipitopito rārangi puna kōrero
Kaituhi matua: Horowitz, Vladimir (Author)
Hōputu: Pukapuka
Reo:Pāniora
I whakaputaina: Madrid Prisa Innova S. L 2010
Putanga:1a. ed
Rangatū:Los Genios del Piano, 8
Ngā marau:
Ngā Tūtohu: Tāpirihia he Tūtohu
Kāore He Tūtohu, Me noho koe te mea tuatahi ki te tūtohu i tēnei pūkete!

MARC

LEADER 00000cam a2200000 a 4500
001 UCE5873
003 CL-VaPUC
005 20231031111914.0
008 150312e20100000sp |||||||||||||||||spa|d
999 |c 358434  |d 358432 
020 |a 84282921002468 
040 |c Pontificia Universidad Católica de Valparaíso 
082 0 4 |a Pn786.2  |b HOR  |2 21 
100 0 |a Horowitz, Vladimir  |e author  |9 578551 
245 1 0 |a Músorgski 
246 1 0 |a Mendelssohn 
246 1 0 |a Chopin 
246 1 0 |a Scriabin 
250 |a 1a. ed 
260 |a Madrid  |b Prisa Innova S. L  |c 2010 
300 |a 43 p 
490 0 |a Los Genios del Piano, 8 
500 |a Incluye 2 CD 
583 |a last modification  |c 20150312 12:37:00  |k Rodrigo Vera 
600 0 7 |a Mendelssohn Bartholdy, Felix,  |d 1809-1847  |9 864759 
600 0 |a Mussorgsky, Modest Petrovich  |9 306353 
600 0 |a Chopin, Frederic  |9 306591 
600 0 7 |a SCRIABIN, ALEXANDER  |2 CL-VaPUC  |9 306690 
650 0 |a Música para piano  |9 306528 
650 0 |a Biografías  |9 255210 
650 0 |a Compositores  |9 306451 
650 0 |a Pianistas  |9 306502 
942 |c BK  |2 ddc 
945 |d 20150312 12:37:00  |a dcastane 
952 |0 0  |1 0  |3 erd  |4 0  |6 PN_786_200000000000000_HOR_2010  |7 0  |8 X  |9 467127  |a BIBEDU  |b BIBEDU  |i 5139511  |o Pn786.2 HOR 2010  |p 5139511  |r 2023-01-12  |w 2019-11-23  |y BK_X  |z Catalogado en:20150312  |k MUS